000 00699nam a2200229 a 4500
001 45103
003 BD-RjUL
005 20211209053949.0
008 160723t1976 ii ||||| |||| 00| 0 eng d
035 _a(BD-RjUL)45221
040 _aBD-RjUL
_beng
_cBD-RjUL
_dBD-RjUL
041 _aeng
082 _223
_a320.95414035
_bSEM 1976
100 _aSen, Shila
_9138172
245 1 0 _aMuslim politics in Bengal, 1937-1947 /
_cShila Sen
260 _aNew Delhi :
_bImpex India,
_c1976
300 _aviii, 307 p. ;
_c25 cm.
504 _aIncludes Bibliography and Index
650 _aMuslims
_v Political activity.
_9138173
651 _aBengal (India)
_vPolitics and government.
_9138174
942 _2ddc
_cBK
_01
999 _c45103
_d45103